Kashmir dispute : an international law perspective (Record no. 4759)

000 -LEADER
fixed length control field 00657 a2200169 4500
020 ## - INTERNATIONAL STANDARD BOOK NUMBER
International Standard Book Number 969832903X
040 ## - CATALOGING SOURCE
Original cataloging agency DLC
Language of cataloging DLC
082 ## - DEWEY DECIMAL CLASSIFICATION NUMBER
Classification number 954.6
100 1# - MAIN ENTRY--PERSONAL NAME
Personal name Hussain, Ijaz.
245 10 - TITLE STATEMENT
Title Kashmir dispute : an international law perspective
Statement of responsibility, etc. Ijaz Hussain.
260 ## - PUBLICATION, DISTRIBUTION, ETC.
Place of publication, distribution, etc. Islamabad :
Name of publisher, distributor, etc. Quaid-i Azam Chair, National Institute of Pakistan Studies, Quaid-i- Azam University, Islamabad,
Date of publication, distribution, etc. c1998.
300 ## - PHYSICAL DESCRIPTION
Extent xiii, 309 p. ;
Dimensions 23 cm.
651 #0 - SUBJECT ADDED ENTRY--GEOGRAPHIC NAME
Geographic name Jammu and Kashmir (India)
General subdivision International status.
651 #0 - SUBJECT ADDED ENTRY--GEOGRAPHIC NAME
Geographic name Jammu and Kashmir (India)
General subdivision Politics and government.
710 2# - ADDED ENTRY--CORPORATE NAME
Corporate name or jurisdiction name as entry element National Institute of Pakistan Studies.
Subordinate unit Quaid-i-Azam Chair.
942 ## - ADDED ENTRY ELEMENTS (KOHA)
Koha item type Book
Call number prefix 954.6 HUS
Source of classification or shelving scheme
Holdings
Withdrawn status Lost status Damaged status Not for loan Collection code Permanent Location Current Location Shelving location Date acquired Cost, normal purchase price Total Checkouts Full call number Barcode Date last seen Date last checked out Price effective from Koha item type Source of classification or shelving scheme
          Central Library (CL) Central Library (CL) General Stacks 12/09/2000 450.00 1 954.6 HUS SEECS000742 01/03/2022 12/29/2021 01/05/2017 Book  
          Central Library (CL) Central Library (CL)   10/22/2023     954.6 HUS CL-D-2491 10/22/2023   10/22/2023 Book  
© 2023 Central Library, National University of Sciences and Technology. All Rights Reserved.